The Complete Illistrated Shakespeare (Record no. 1241024)

MARC details
000 -LEADER
fixed length control field 00525nam a2200193Ia 4500
008 - FIXED-LENGTH DATA ELEMENTS--GENERAL INFORMATION
fixed length control field 151121s9999||||xx |||||||||||||| ||und||
082 ## - DEWEY DECIMAL CLASSIFICATION NUMBER
Classification number 081/STA
082 ## - DEWEY DECIMAL CLASSIFICATION NUMBER
Item number HNW-59239
100 ## - MAIN ENTRY--PERSONAL NAME
Personal name Statunton Howard
245 #4 - TITLE STATEMENT
Title The Complete Illistrated Shakespeare
260 ## - PUBLICATION, DISTRIBUTION, ETC. (IMPRINT)
Name of publisher, distributor, etc "Gallery Books, New York।"
260 ## - PUBLICATION, DISTRIBUTION, ETC. (IMPRINT)
Date of publication, distribution, etc --
300 ## - PHYSICAL DESCRIPTION
Extent 824
600 ## - SUBJECT ADDED ENTRY--PERSONAL NAME
Personal name Statunton Howard
630 ## - SUBJECT ADDED ENTRY--UNIFORM TITLE
Uniform title The Complete Illistrated Shakespeare
700 ## - ADDED ENTRY--PERSONAL NAME
Personal name Statunton Howard
730 ## - ADDED ENTRY--UNIFORM TITLE
Uniform title The Complete Illistrated Shakespeare
942 ## - ADDED ENTRY ELEMENTS (KOHA)
Koha item type Book
Holdings
Withdrawn status Lost status Damaged status Not for loan Home library Current library Date acquired Cost, normal purchase price Total Checkouts Full call number Barcode Date last seen Cost, replacement price Price effective from Koha item type
        Hirachand Nemchand Wachanalaya, Solapur Hirachand Nemchand Wachanalaya, Solapur 11/21/2015 600.00   HNW-59239 HNW-59239 11/21/2015 600.00 11/21/2015 Book